000
00329pam a2200157a 44500
008
230515b1949 xxu||||| |||| 00| 0 eng d
020
_a
NULL
041
_a
MARATHI
082
_a
1
100
_a
PHADAKE
245
_a
JWARA-NIDHAN
250
_a
1
260
_a
SANGALI
_b
N.D.
_c
1949
300
_a
100
650
_a
JWARA-NIDHAN
999
_c
496952
_d
496952